000 00683nam a2200205Ia 4500
005 20220713111515.0
008 210716s2006 xx 000 0 und d
020 _a9788178001135
040 _cAIMIT LIBRARY
041 _aeng
082 _a005.44
_21
_bVENN
245 _aIintroduction to linux :
_binstallation and programming /
_cEdited by N. B. Venkateswarlu.
250 _a1st ed.
260 _aHyderabad :
_bBSP BS Publications ,
_c2006 .
300 _axix, 588p. ;
_bPB
_c24 cm.
650 _aLinux system startup and shutdown
_948586
650 _aInstalling squid proxy and firewalls
_948587
700 _aVenkateswarlu, N B.
_948588
942 _2ddc
_cBK
_e1st
_k005.44 VENN
999 _c188587
_d188587